All Roger Federer Title Opponents - Statistics

General Stats
  • This quiz has been taken 121 times
  • The average score is 63 of 103
Answer Stats
Year Tournament Category Opponent % Correct
2007 US Open Grand Slam Novak Djokovic
99%
2009 Cincinnati Masters 1000 Novak Djokovic
99%
2010 Basel ATP 500 Novak Djokovic
99%
2012 Cincinnati Masters 1000 Novak Djokovic
99%
2015 Dubai ATP 500 Novak Djokovic
99%
2015 Cincinnati Masters 1000 Novak Djokovic
99%
2005 Miami Masters 1000 Rafael Nadal
98%
2006 Wimbledon Grand Slam Rafael Nadal
98%
2007 Hamburg Masters 1000 Rafael Nadal
98%
2007 Wimbledon Grand Slams Rafael Nadal
98%
2009 Madrid Masters 1000 Rafael Nadal
98%
2010 London ATP Finals Rafael Nadal
98%
2015 Basel ATP 500 Rafael Nadal
98%
2017 Australian Open Grand Slam Rafael Nadal
98%
2017 Miami Masters 1000 Rafael Nadal
98%
2017 Shanghai Masters 1000 Rafael Nadal
98%
2005 Bangkok ATP 250 Andy Murray
97%
2008 US Open Grand Slam Andy Murray
97%
2010 Australian Open Grand Slam Andy Murray
97%
2012 Dubai ATP 500 Andy Murray
97%
2012 Wimbledon Grand Slams Andy Murray
97%
2004 Wimbledon Grand Slam Andy Roddick
92%
2004 Toronto Masters 1000 Andy Roddick
92%
2004 Bangkok ATP 250 Andy Roddick
92%
2005 Wimbledon Grand Slam Andy Roddick
92%
2005 Cincinnati Masters 1000 Andy Roddick
92%
2006 US Open Grand Slam Andy Roddick
92%
2009 Wimbledon Grand Slam Andy Roddick
92%
2003 Houston ATP Finals Andre Agassi
87%
2005 US Open Grand Slam Andre Agassi
87%
2017 Indian Wells Masters 1000 Stan Wawrinka
87%
2012 Indian Wells Masters 1000 John Isner
86%
2019 Miami Masters 1000 John Isner
86%
2007 Shanghai ATP Finals David Ferrer
84%
2014 Cincinnati Masters 1000 David Ferrer
84%
2012 Rotterdam ATP 500 Juan Martín del Potro
84%
2017 Basel ATP 500 Juan Martín del Potro
84%
2004 US Open Grand Slam Lleyton Hewitt
84%
2004 Houston ATP Finals Lleyton Hewitt
84%
2005 Indian Wells Masters 1000 Lleyton Hewitt
84%
2017 Wimbledon Grand Slam Marin Čilić
82%
2018 Australian Open Grand Slam Marin Čilić
82%
2017 Halle ATP 500 Alexander Zverev
78%
2011 Paris Masters 1000 Jo-Wilfried Tsonga
75%
2011 London ATP Finals Jo-Wilfried Tsonga
75%
2002 Hamburg Masters 1000 Marat Safin
73%
2004 Australian Open Grand Slam Marat Safin
73%
2005 Halle ATP 250 Marat Safin
73%
2019 Dubai ATP 500 Stefanos Tsitsipas
70%
2006 Halle ATP 250 Tomáš Berdych
70%
2012 Madrid Masters 1000 Tomáš Berdych
70%
2014 Dubai ATP 500 Tomáš Berdych
70%
2009 Roland Garros Grand Slam Robin Söderling
62%
2006 Doha ATP 250 Gaël Monfils
60%
2008 Basel ATP 250 David Nalbandian
58%
2018 Rotterdam ATP 500 Grigor Dimitrov
56%
2005 Hamburg Masters 1000 Richard Gasquet
55%
2006 Toronto Masters 1000 Richard Gasquet
55%
2011 Basel ATP 500 Kei Nishikori
54%
2015 Brisbane ATP 250 Milos Raonic
54%
2018 Stuttgart ATP 250 Milos Raonic
54%
2008 Estoril ATP 250 Nikolay Davydenko
52%
2011 Doha ATP 250 Nikolay Davydenko
52%
2006 Madrid Masters 1000 Fernando González
51%
2006 Basel ATP 250 Fernando González
51%
2007 Australian Open Grand Slam Fernando González
51%
2006 Australian Open Grand Slam Marcos Baghdatis
49%
2003 Wimbledon Grand Slam Mark Philippoussis
46%
2019 Basel ATP 500 Alex de Minaur
45%
2014 Shanghai Masters 1000 Gilles Simon
44%
2014 Basel ATP 500 David Goffin
42%
2019 Halle ATP 500 David Goffin
42%
2006 Indian Wells Masters 1000 James Blake
41%
2006 Shanghai ATP Finals James Blake
41%
2007 Cincinnati Masters 1000 James Blake
41%
2004 Halle ATP 250 Mardy Fish
41%
2010 Cincinnati Masters 1000 Mardy Fish
41%
2005 Doha ATP 250 Ivan Ljubičić
38%
2005 Rotterdam ATP 500 Ivan Ljubičić
38%
2005 Dubai ATP 500 Ivan Ljubičić
38%
2006 Miami Masters 1000 Ivan Ljubičić
38%
2004 Indian Wells Masters 1000 Tim Henman
30%
2006 Tokyo ATP 500 Tim Henman
30%
2003 Vienna ATP 500 Carlos Moyà
28%
2004 Hamburg Masters 1000 Guillermo Coria
25%
2008 Halle ATP 250 Philipp Kohlschreiber
25%
2007 Dubai ATP 500 Mikhail Youzhny
24%
2013 Halle ATP 250 Mikhail Youzhny
24%
2004 Dubai ATP 500 Feliciano López
23%
2015 Halle ATP 500 Andreas Seppi
16%
2018 Basel ATP 500 Marius Copil
15%
2015 Istanbul ATP 250 Pablo Cuevas
13%
2014 Halle ATP 250 Alejandro Falla
12%
2010 Stockholm ATP 250 Florian Mayer
12%
2003 Munich ATP 250 Jarkko Nieminen
11%
2007 Basel ATP 250 Jarkko Nieminen
11%
2002 Vienna ATP 500 Jiří Novák
10%
2003 Dubai ATP 500 Jiří Novák
10%
2003 Halle ATP 250 Nicolas Kiefer
10%
2003 Marseille ATP 250 Jonas Björkman
9%
2001 Milan ATP 250 Julien Boutter
5%
2002 Sydney ATP 250 Juan Ignacio Chela
4%
2004 Gstaad ATP 250 Igor Andreev
3%
No matching quizzes found
Score Distribution
Percent of People with Each Score
Percentile by Number Answered
Your Score History
You have not taken this quiz